000 00779nam a2200217 i 4500
001 22853
003 ES-MaACL
005 20250608193143.0
007 t|
008 021205s1957 sp af |||| |bspa d
080 _a929 Manolete:791.862
100 1 _aAltube, Gregorio de.
_920561
245 1 3 _aEl día cuatro de agosto de mil novecientos cuarenta y siete moría Manolete en la Plaza de Vitoria /
_cpor Gregorio de Altube.
260 _a[S.l. :
_bs.n.,
_c1957] (
_eSan Sebastián :
_fIndustria Gráfica Valverde)
300 _a[34] p., [6] h. de lám. col. :
_bil. col. ;
_c28 cm.
597 _aP. sin numerar.
600 1 7 _aManolete,
_d1917-1947
_2
_9161488
650 4 _aCorridas de toros-
_xEn el arte.
_911372
852 _aES-MaACL
_j1976-F-26
999 _c22853
_d22853